00544nam a2200169 a 450000100100000000500170001000800410002702000150006804000250008324500490010826000370015730000210019449000150021583000220023095201050025299900170035700004584920201002052500.0150522s19uu sp 000 0 spa d a8471752263 aDO-SdBNPbspacBNPHU04aLas mejores poesias de la lengua castellana. aMadrid :bEdiciones 29,c[19uu]. a309 p. ;c19 cm.1 aPríncipe 0aPríncipe973922 001050718MOaGRbGRcCTd2015-05-22iLF1l0o p45849-10r2020-06-25w2020-06-25y1ZNo se presta c45338d45338